Statistics for Serie A Champions

Click here to take the quiz!

General Stats

  • This quiz has been taken 118 times
  • The average score is 7 of 11

Answer Stats

Most Recent WinNo. of titlesClub% Correct
202219A.C Milan
100%
202036Juventus
100%
20233Napoli
90%
20013Roma
79%
20002Lazio
72%
202119Internazionale
70%
19692Fiorentina
60%
19249Genoa
48%
19767Torino
47%
19647Bologna
36%
19227Pro Vercelli
19%

Score Distribution

Percentile by Number Answered

Percent of People with Each Score

Your Score History

You have not taken this quiz